| 000 | 01233cam a22003257a 4500 | ||
|---|---|---|---|
| 001 | 12750889 | ||
| 005 | 20021007162341.0 | ||
| 008 | 020423s2000 waua 101 0 eng d | ||
| 010 | _a 2002280444 | ||
| 020 | _a9780071499194 | ||
| 020 | _a007149919 | ||
| 035 | _a(OCoLC)ocm44547755 | ||
| 040 |
_aCUS _cCUS _dOCL _dDLC |
||
| 042 | _alccopycat | ||
| 050 | 0 | 0 |
_aTA1800 _b.A37 2000 |
| 082 | 0 | 0 |
_a621.3692 _221 _bCHO |
| 100 |
_aChomycz, Bob. _911510 |
||
| 245 | 0 | 0 |
_aPlanning fiber optic networks / _cBob Chomycz. |
| 246 | 3 | 0 | _aSelected research papers on advances in fiber optics 1998-1999 |
| 260 |
_aNew york: _bMcGraw Hill; _cc.2009. |
||
| 300 |
_aviii, 388 p. : _bill. ; _c28 cm. |
||
| 490 | 1 |
_aSPIE proceedings series, _x0277-786X ; _vv. 4083 |
|
| 500 | _aIncludes Index. | ||
| 504 | _aIncludes bibliographical references and index. | ||
| 650 | 0 |
_aFiber optics _vCongresses. _911511 |
|
| 700 | 1 |
_aDianov, E. M. _911512 |
|
| 942 |
_2ddc _cBB |
||
| 999 |
_c13422 _d13422 |
||